Statystyki dla Państwa wchodzące w skład Imperium Rosyjskiego

Kliknij tutaj aby rozwiązać quiz!

Ogólne statystyki

  • Ten quiz został rozwiązany 85 razy
  • Średni wynik to 20 z 22

Statystyki odpowiedzi

Podpowiedź
(kontynent)
Odpowiedź
(kraj)
% Poprawnych
EuropaLitwa
100%
EuropaEstonia
99%
EuropaŁotwa
99%
*Europa*Polska
97%
EuropaUkraina
97%
AzjaKazachstan
96%
EuropaBiałoruś
95%
AzjaTadżykistan
95%
EuropaFinlandia
93%
AzjaKirgistan
93%
*Ameryka Płn.*Stany Zjednoczone (Alaska)
92%
AzjaTurkmenistan
92%
AzjaMongolia
90%
AzjaUzbekistan
90%
AzjaAzerbejdżan
89%
*Azja*Chiny (Mandżuria)
89%
AzjaGruzja
89%
Europa/AzjaRosja
89%
AzjaArmenia
88%
EuropaMołdawia
85%
*Azja*Turcja
78%
*Azja*Iran
71%

Rozkład punktacji

Percentyl według liczby udzielonych odpowiedzi

Procent ludzi z każdym wynikiem

Twoja historia wyników

Nie rozwiązałeś tego quizu